La tregua

Spremljeno u:
Bibliografski detalji
Glavni autor: Benedetti, Mario (Autor)
Format: Knjiga
Jezik:španjolski
Izdano: Santiago Pehuén 1991
Izdanje:3a. ed
Serija:Colección Moby Dick, 15
Teme:
Oznake: Dodaj oznaku
Bez oznaka, Budi prvi tko označuje ovaj zapis!

MARC

LEADER 00000cam a2200000 a 4500
001 UCE9445
003 CL-VaPUC
008 151022e19910000cl |||||||||||||||||spa|d
020 |a 9561601213 
082 0 4 |a 863  |b BEN  |2 21 
100 0 |a Benedetti, Mario  |e author  |9 518246 
245 1 3 |a La tregua 
250 |a 3a. ed 
300 |a 198 p 
942 |c BK 
945 |d 20151022 17:18:00  |a dcastane 
260 |a Santiago  |b Pehuén  |c 1991 
650 0 |a Narrativa hispanoamericana  |9 552155 
650 0 |a Novelas uruguayas  |9 317140 
583 |a last modification  |c 20151022 17:18:00  |k Rodrigo Vera 
490 0 |a Colección Moby Dick, 15 
999 |c 361109  |d 361107 
952 |0 0  |1 0  |3 erb  |4 0  |6 863_000000000000000_BEN_1991  |7 0  |8 C  |9 471441  |a BIBCUR  |b BIBCUR  |i 5206960  |l 6  |m 8  |o 863 BEN 1991  |p 5206960  |r 2025-04-22  |s 2024-11-11  |w 2019-11-24  |y BK  |z Catalogado en:20151022  |k CAC